000
00272nam a2200109Ia 4500
008
171211s9999 xx 000 0 und d
245
_a
Gun Digest 2011
245
_c
Dan Shideler
260
_c
2011
650
_x
Military
856
_u
http://down.ebook777.com/GunDig201.pdf
999
_c
348335
_d
348335